00868nam a2200205 a 450000100100000000500170001000800410002702000150006804000250008310000390010824501150014726000990026230000210036149000390038250400300042158600370045183000460048895201110053499900170064500003920220201002031537.0130611s1975 sp 000 0 spa d a8400041097 aDO-SdBNPbspacBNPHU1 aFernández Marcos, Natalio91528514aLos Thaumata de Sofronio :bcontribución al estudio de la incubatio cristiana /cNatalio Fernández Marcos. aMadrid :bConsejo Superior de Investigaciones CientíficasbInstituto Antonio Nebrija,c1975. a409 p. ;c26 cm.1 aManuales y Añejos de Emeritav31 aBibliografía : p. 15-21 aPremio "Antonio de Nebrija" 1970 0aManuales y Añejos de Emeritav31963832 001054708MOaGRbGRcCTd2013-06-11iLF1l0o p39202-10r2020-06-25w2020-06-25y4ZPréstamo en sala c38692d38692